Austria, Germany or Switzerland - Statistics

General Stats
  • This quiz has been taken 510 times
  • The average score is 9 of 15
Answer Stats
Question Answer % Correct
Which is the largest? Germany
99%
The flag doesn't contain the colour white. Germany
99%
Which country is not in the European Union. Switzerland
94%
Which has the smallest population? Switzerland
85%
Which border is the longest? Austria | Germany
75%
Has the most neighbouring countries Germany
60%
Which country has the most first level subdivisions? Switzerland
59%
Doesn't have a capital Switzerland
49%
With approximately 30% of all wins, this country dominates the ski jumping scene. Austria
46%
Has the highest population density Germany
44%
The capital has the highest standard of living according to Mercer. Austria
37%
Has the lowest nominal gross domestic product (GDP) per capita. Germany
32%
Has the highest percentage of the Alps* Austria
31%
The incumbent president is member of the respective green party. Austria
28%
Has had the most applications for asylum per capita** Austria closely beats Germany
11%
No matching quizzes found
Score Distribution
Percent of People with Each Score
Percentile by Number Answered
Your Score History
You have not taken this quiz